| 000 | 00826cam a22002534a 4500 | ||
|---|---|---|---|
| 001 | sa 68007167 | ||
| 003 | DLC | ||
| 005 | 20260227112521.0 | ||
| 008 | 890724s1967 ii b 000 0 hino | ||
| 010 | _asa 68007167 | ||
| 035 | _a(OCoLC)20061115 | ||
| 040 |
_aDLC _cDLC |
||
| 050 | 0 | 0 |
_aPK1931 _b.V22 |
| 100 | 1 |
_aVaiśya, Gāyatrī, _d1925- |
|
| 245 | 1 | 0 |
_aHindī bhāshā kā saṅkshipta itihāsa / _cGāyatrī Vaiśya ; Rādheśyāma Śarmā. |
| 250 | _a1. saṃskaraṇa. | ||
| 260 |
_aJayapura : _bPrakāśa Pabliśarsa, _c1967. |
||
| 300 |
_a176 p. ; _c18 cm. |
||
| 546 | _aIn Hindi. | ||
| 500 | _a"Rājasthāna Viśva-vidyālaya kī Bī. E. kakshāoṃ ke liye." | ||
| 504 | _aIncludes bibliographical references. | ||
| 650 | 0 |
_aHindi language _xHistory _vTextbooks. |
|
| 700 | 1 |
_aŚarmā, Rādheśyāma, _d1937- |
|
| 999 |
_c81680 _d81680 |
||